[Event "Zaragoza Province-ch Primera"]
[Site "Zaragoza"]
[Date "2015.09.27"]
[Round "1"]
[White "Enguita Ibarra, Hugo"]
[Black "Manguez Cambra, Jose Luis"]
[Result "1/2-1/2"]
[WhiteElo "1506"]
[BlackElo "1712"]
[PlyCount "44"]
[EventDate "2015.09.27"]
[EventType "swiss"]
[EventRounds "6"]
[EventCountry "ESP"]
[SourceTitle "CBM 170 Extra"]
[Source "ChessBase"]
[SourceDate "2016.02.25"]
[SourceVersion "1"]
[SourceVersionDate "2016.02.25"]
[SourceQuality "1"]

1. e4 d5 2. exd5 Nf6 3. d4 Bg4 4. Be2 Bxe2 5. Nxe2 Qxd5 6. 0-0 Nc6 7. Nbc3 Qh5 8. Bf4 0-0-0 9. Ng3 Qxd1 10. Raxd1 e6 11. Nb5 Nd5 12. Be3 a6 13. Nc3 Nxc3 14. bxc3 Na5 15. Rb1 Nc4 16. Ne4 Be7 17. Rb3 Rhe8 18. a4 Na5 19. Rbb1 Nc4 20. Rb3 Na5 21. Rbb1 Nc4 22. Rb3 Na5 1/2-1/2

[Event "Zaragoza-ch Segunda 1st"]
[Site "Zaragoza"]
[Date "2014.10.19"]
[Round "3.4"]
[White "Marquez Gongora, Jose Francisco"]
[Black "Enguita Ibarra, Hugo"]
[Result "1/2-1/2"]
[WhiteElo "1561"]
[BlackElo "1609"]
[PlyCount "42"]
[EventDate "2014.09.28"]
[EventType "swiss"]
[EventRounds "9"]
[EventCountry "ESP"]
[SourceTitle "EXT 2024"]
[Source "ChessBase"]
[SourceDate "2023.10.10"]
[SourceVersion "1"]
[SourceVersionDate "2023.10.10"]
[SourceQuality "1"]

1. e4 e5 2. Nf3 Nc6 3. Bc4 Nf6 4. 0-0 Bc5 5. c3 0-0 6. d4 exd4 7. cxd4 Bb6 8. Bg5 Ne7 9. Bxf6 gxf6 10. Nh4 Kh8 11. Bd3 Ng6 12. Qh5 Nf4 13. Qf3 Nxd3 14. Qxd3 Rg8 15. Nf5 Qf8 16. Nc3 c6 17. Ne2 d6 18. Qf3 Bxf5 19. Qxf5 Qg7 20. g3 Rad8 21. Rad1 Qg6 1/2-1/2